000 00737nam a22002177a 4500
003 OSt
005 20250801085526.0
008 250801b |||||||| |||| 00| 0 eng d
020 _a978-621-427-177-1
040 _aDWC-Main Lib
_cOC
082 _aFil. 658.15 B111f 2024
100 _aBairan, Bonifacio P.
245 _aFinancial analysis and reporting/
_cBonifacio P. Bairan
260 _aManila, Philippines :
_bUnlimited Books Library Services & Publishing,
_cc2024.
300 _axii, 436 pages :
_billustrations ;
_c25cm.
504 _aIncludes bibliography and references.
650 _a1. Analysis, Finance.
650 _a2. Cash flow.
650 _a3. Financial statements ratio analysis.
942 _2ddc
_cBK - FIL
_kFil.
_n0
999 _c3930
_d3930